BIBLIOTECA PODER JUDICIAL
Portal Judicial TDF

Apuntes para garantizar la perspectiva de género en el jurado / (Registro nro. 6089)

000 -LEADER
fixed length control field 01226nab a22002297a 4500
003 - CONTROL NUMBER IDENTIFIER
control field OSt
005 - DATE AND TIME OF LATEST TRANSACTION
control field 20260121205045.0
008 - FIXED-LENGTH DATA ELEMENTS--GENERAL INFORMATION
fixed length control field 190502c xxu||||| |||| 00| 0 spa d
040 ## - CATALOGING SOURCE
Transcribing agency PJ
100 ## - MAIN ENTRY--PERSONAL NAME
9 (RLIN) 6863
Personal name Amaro Piccinini, Georgina
245 10 - TITLE STATEMENT
Title Apuntes para garantizar la perspectiva de género en el jurado /
Statement of responsibility, etc Georgina Amaro Piccinini, Natasha Deligiannis.
260 ## - PUBLICATION, DISTRIBUTION, ETC. (IMPRINT)
Place of publication, distribution, etc Ciudad Autónoma de Buenos Aires :
Name of publisher, distributor, etc Thomson Reuters La Ley,
Date of publication, distribution, etc 2024.
300 ## - PHYSICAL DESCRIPTION
Extent p. 3-14
505 ## - FORMATTED CONTENTS NOTE
Formatted contents note Sumario: I. Introducción: ¿cómo garantizar la perspectiva de género en el jurado?— II. Dos modelos en pugna: ¿capacitación ad hoc o instrucciones?— III. La perspectiva de género en las instrucciones al jurado: contenidos mínimos.— IV. Conclusiones: instrucciones al jurado con debida diligencia reforzada.<br/><br/>
505 ## - FORMATTED CONTENTS NOTE
Title ¿Te interesa el texto completo? Solicitalo al correo: koha@justierradelfuego.gov.ar
650 #0 - SUBJECT ADDED ENTRY--TOPICAL TERM
9 (RLIN) 343
Topical term or geographic name as entry element DERECHO PENAL
650 #0 - SUBJECT ADDED ENTRY--TOPICAL TERM
9 (RLIN) 3067
Topical term or geographic name as entry element JUICIO POR JURADOS
650 #0 - SUBJECT ADDED ENTRY--TOPICAL TERM
9 (RLIN) 4044
Topical term or geographic name as entry element PERSPECTIVA DE GÉNERO
700 ## - ADDED ENTRY--PERSONAL NAME
9 (RLIN) 6634
Personal name Deligiannis, Natasha
773 0# - HOST ITEM ENTRY
Host Biblionumber 2729
Host Itemnumber 3180
Place, publisher, and date of publication Buenos Aires : LexisNexis, 2006-
Title Revista de derecho penal y procesal penal. Nº 9 - Septiembre 2024
International Standard Book Number 9875920622
942 ## - ADDED ENTRY ELEMENTS (KOHA)
Source of classification or shelving scheme
Koha item type Analítica Artículo de Revista

No hay ítems disponibles.

12 de Octubre 789 Ushuaia - Tel:  54(02901)441571
Horario de Atención: 8.00 a 17.00 hs. 
bibliotecaush@justierradelfuego.gov.ar
koha@justierradelfuego.gov.ar
Seguinos en nuestras redes @bibliojustdf 

Con tecnología Koha